LIBRARY & INFORMATION CENTRE, KCAET, TAVANUR

ONLINE PUBLIC ACCESS CATALOGUE (OPAC)

Physico-chemical constituents and engineering properties of food crops / (Record no. 10784)

MARC details
000 -LEADER
fixed length control field 00588cam a2200217ua 4500
020 ## - INTERNATIONAL STANDARD BOOK NUMBER
ISBN 81-7233-083-9
041 ## - LANGUAGE CODE
Language code of text/sound track or separate title eng
082 ## - DEWEY DECIMAL CLASSIFICATION NUMBER
Classification number 664.002
Item number KAC/PH
100 ## - MAIN ENTRY--AUTHOR NAME
Personal name Kachro, R P .
245 ## - TITLE STATEMENT
Title Physico-chemical constituents and engineering properties of food crops /
250 ## - EDITION STATEMENT
Edition statement 1 /
260 ## - PUBLICATION, DISTRIBUTION, ETC. (IMPRINT)
Place of publication Jodhpur :
Name of publisher Scientific Publishers ,
Year of publication 1994.
300 ## - PHYSICAL DESCRIPTION
Number of Pages 188 ; .
700 1# - ADDED ENTRY--PERSONAL NAME
Personal name Anwar, Alam.
700 1# - ADDED ENTRY--PERSONAL NAME
Personal name Gupta, R K .
942 ## - ADDED ENTRY ELEMENTS (KOHA)
Koha item type Books
Holdings
Withdrawn status Lost status Damaged status Home library Current library Date acquired Full call number Accession Number Koha item type
      KAUAET KAUAET 07/04/2012 664.002 20370 Books
      KAUAET KAUAET 07/04/2012 664.002 20097 Books
free website counter